| 000 | 00372nam a22001571a 4500 | ||
|---|---|---|---|
| 020 | _a9780194389228 | ||
| 082 |
_a418.02 _bJUL/T |
||
| 100 | _aJuliane House | ||
| 245 |
_aTranslation / _cby Juliane House |
||
| 260 |
_aOxford: _bOxford University Press, _c2013. |
||
| 300 | _a122p. | ||
| 650 | _aTranslation | ||
| 650 | _aLinguistics | ||
| 650 | _aLanguage | ||
| 942 | _cBK | ||
| 999 |
_c47473 _d47473 |
||